| 000 | 00663nam a22001937a 4500 | ||
|---|---|---|---|
| 005 | 20241126141936.0 | ||
| 008 | 241126b |||||||| |||| 00| 0 eng d | ||
| 040 |
_aKMU _cKMU _dKMU _erda |
||
| 050 | _aSF 383.5.A87 | ||
| 111 |
_aGoat Meat production in Asia: _cProceedings of the workshop held in Tando Jam, Parkistan. _d13-18 March 1998 |
||
| 245 |
_aGoat Meat production in Asia: _bProceedings of the workshop held in Tando Jam, Parkistan. _cedited by C.Devendra |
||
| 260 | _aCanda: | ||
| 300 |
_a262 p.: _bill.; _c27cm |
||
| 500 | _aInclude List of participants | ||
| 650 | _aGoat production | ||
| 650 | _aAsia | ||
| 700 | _aDevendra,C. | ||
| 942 |
_2lcc _cBK _n0 |
||
| 999 |
_c1445 _d1445 |
||